[Event "Lukowica qual"]
[Site "Lukowica"]
[Date "2012.06.04"]
[Round "?"]
[White "Gamon, Stanislaw"]
[Black "Mazurkiewicz, Adam"]
[Result "1-0"]
[WhiteElo "2058"]
[BlackElo "1535"]
[PlyCount "57"]
[EventDate "2012.05.31"]
[EventType "tourn"]
[EventRounds "9"]
[EventCountry "POL"]
[SourceTitle "EXT 2023"]
[Source "ChessBase"]
[SourceDate "2022.10.05"]
[SourceVersion "1"]
[SourceVersionDate "2022.10.05"]
[SourceQuality "1"]

1. f4 Nf6 2. Nf3 Nc6 3. d4 d5 4. e3 Bg4 5. Nbd2 Ne4 6. c3 Qd7 7. Bb5 a6 8. Qa4 e6 9. Ne5 Qc8 10. Bxc6+ bxc6 11. Qxc6+ Ke7 12. Nxg4 h5 13. Ne5 Rh6 14. Nxe4 dxe4 15. Qxe4 f6 16. Nc6+ Kf7 17. 0-0 f5 18. Qf3 Bd6 19. e4 h4 20. Ne5+ Kf6 21. exf5 exf5 22. Qd5 Qe8 23. Bd2 Rb8 24. Rae1 Rb5 25. Qf3 Qd8 26. b3 g6 27. c4 Rb6 28. Qd5 Rh7 29. Nc6 1-0

[Event "Limanowa-ch 12th"]
[Site "Limanowa"]
[Date "2010.01.21"]
[Round "5"]
[White "Mazurkiewicz, Adam"]
[Black "Slabek, Grzegorz"]
[Result "1-0"]
[WhiteElo "1748"]
[BlackElo "2106"]
[PlyCount "49"]
[EventDate "2010.01.19"]
[EventType "tourn"]
[EventRounds "7"]
[EventCountry "POL"]
[SourceTitle "EXT 2023"]
[Source "ChessBase"]
[SourceDate "2022.10.05"]
[SourceVersion "1"]
[SourceVersionDate "2022.10.05"]
[SourceQuality "1"]

1. e4 e5 2. Nf3 Nf6 3. Nxe5 d6 4. Nf3 Nxe4 5. c3 Be7 6. Qa4+ Bd7 7. Qxe4 0-0 8. Bd3 g6 9. Qxb7 Bc6 10. Qb3 Bxf3 11. gxf3 Nd7 12. Be4 Nc5 13. Qc2 d5 14. Bd3 Bd6 15. b4 Re8+ 16. Kd1 Qf6 17. Be2 Rxe2 18. Kxe2 Ne6 19. d4 Qxd4 20. cxd4 Nxd4+ 21. Kd3 Nxc2 22. Kxc2 Bxb4 23. Ba3 Bxa3 24. Nxa3 c5 25. Rhd1 1-0

[Event "Limanowa-ch 12th"]
[Site "Limanowa"]
[Date "2010.01.20"]
[Round "2"]
[White "Tobiasz, Pawel"]
[Black "Mazurkiewicz, Adam"]
[Result "0-1"]
[WhiteElo "1400"]
[BlackElo "1450"]
[PlyCount "156"]
[EventDate "2010.01.19"]
[EventType "tourn"]
[EventRounds "7"]
[EventCountry "POL"]
[SourceTitle "EXT 2023"]
[Source "ChessBase"]
[SourceDate "2022.10.05"]
[SourceVersion "1"]
[SourceVersionDate "2022.10.05"]
[SourceQuality "1"]

1. e4 d5 2. e5 c5 3. c3 c4 4. d4 cxd3 5. Bxd3 Nc6 6. Bb5 a6 7. Bxc6+ bxc6 8. Nf3 Bg4 9. Nbd2 e6 10. Qa4 Qb6 11. Qxg4 Nh6 12. Qg5 Nf5 13. Nb3 Be7 14. Be3 Nxe3 15. Qxe3 Qxe3+ 16. fxe3 c5 17. Rf1 c4 18. Nbd4 0-0 19. Nc6 Bc5 20. Ke2 Rfc8 21. Ncd4 Rab8 22. Rab1 a5 23. Nc2 a4 24. a3 Rb7 25. Ng5 h6 26. Nf3 Rcb8 27. Nb4 Rb6 28. Nd4 R8b7 29. Ndc6 Rc7 30. Nd4 g5 31. Nf3 Kg7 32. h4 g4 33. Nh2 h5 34. g3 Be7 35. Rf2 Rbb7 36. Rbf1 Bd8 37. Kd2 Rd7 38. Kc2 Bc7 39. Nc6 Rb6 40. Nd4 Bxe5 41. Rb1 Bxg3 42. Rg2 Be5 43. Nhf3 Bf6 44. Nh2 e5 45. Ne2 Kh6 46. Rbg1 Rdb7 47. Rb1 Bxh4 48. Ng3 Kg6 49. Nhf1 f5 50. Rh2 Bxg3 51. Nxg3 Rh7 52. Rbh1 Rhb7 53. Kb1 f4 54. e4 fxg3 55. Rg2 dxe4 56. Re1 Rf6 57. Rxg3 Rf2 58. Rxe4 Rbxb2+ 59. Ka1 Rbe2 60. Rg1 Ra2+ 61. Kb1 Rxa3 62. Rxc4 Rb3+ 63. Ka1 a3 64. Rc6+ Kf5 65. Ra6 Rxc3 66. Rb1 g3 67. Ra7 h4 68. Rf7+ Ke4 69. Re1+ Kd3 70. Rd7+ Kc2 71. Rh7 Kd2 72. Rb1 Rf4 73. Rd7+ Rd3 74. Re7 e4 75. Rg1 e3 76. Kb1 e2 77. Re6 Rf1+ 78. Rxf1 exf1Q+ 0-1